[Event "FRA-ch Top 16 2007-2008"]
[Site "France"]
[Date "2008.03.24"]
[Round "3"]
[White "Godena, Michele"]
[Black "Svetushkin, Dmitry"]
[Result "0-1"]
[WhiteElo "2559"]
[BlackElo "2565"]
[PlyCount "130"]
[EventDate "2008.03.??"]
[EventType "swiss"]
[EventRounds "11"]
[EventCountry "FRA"]
[SourceDate "2008.03.23"]
[WhiteTeam "Cannes"]
[BlackTeam "Metz"]
[WhiteTeamCountry "FRA"]
[BlackTeamCountry "FRA"]

1. e4 e5 2. Nf3 Nc6 3. Nc3 Nf6 4. d4 exd4 5. Nxd4 Bb4 6. Nxc6 bxc6 7. Bd3 d5 8.
exd5 cxd5 9. O-O O-O 10. Bg5 c6 11. Ne2 h6 12. Bh4 Bd6 13. Kh1 c5 14. c3 Rb8
15. b3 Rb6 16. Qd2 Be7 17. f3 Nh5 18. Bf2 Bb7 19. Rad1 Re6 20. b4 Bg5 21. Qb2
cxb4 22. cxb4 Be3 23. Nd4 Qf6 24. Rfe1 Rfe8 25. Bxe3 Rxe3 26. Rxe3 Rxe3 27. Qd2
Re5 28. g3 g6 29. Qf2 Ng7 30. Rc1 Qb6 31. Qb2 Ne6 32. Nc6 Re3 33. Ne7+ Kh7 34.
Qf6 Ng5 35. Qxb6 axb6 36. Rc7 Rxd3 37. Rxb7 Rd1+ 38. Kg2 Rd2+ 39. Kf1 Nxf3 40.
h4 Nh2+ 41. Ke1 Nf3+ 42. Kf1 d4 43. Rxb6 d3 44. Rd6 Ne5 45. Nd5 Rxa2 46. Ne3
Kg7 47. h5 gxh5 48. Nf5+ Kh7 49. Rxh6+ Kg8 50. Rd6 Ng4 51. Rd5 Rf2+ 52. Kg1 Rf3
53. b5 d2 54. Rxd2 Rxf5 55. Rb2 Rd5 56. b6 Rd8 57. b7 Rb8 58. Kg2 Kf8 59. Kh3
Ne5 60. Kh4 Nc4 61. Rc2 Nd6 62. Rc6 Ke7 63. Kxh5 Rxb7 64. g4 Rb5+ 65. Kh6 f6
0-1

[Event "FRA-ch Top 16 2007-2008"]
[Site "France"]
[Date "2008.03.24"]
[Round "3"]
[White "Taddei, Benoit"]
[Black "Fontaine, Robert"]
[Result "1/2-1/2"]
[WhiteElo "2265"]
[BlackElo "2572"]
[PlyCount "137"]
[EventDate "2008.03.??"]
[EventType "swiss"]
[EventRounds "11"]
[EventCountry "FRA"]
[SourceDate "2008.03.23"]
[WhiteTeamCountry "FRA"]
[BlackTeamCountry "FRA"]

1. e4 c6 2. d4 d5 3. f3 e6 4. Nc3 b5 5. Be3 b4 6. Nce2 Ba6 7. Nh3 Nf6 8. Ng3
Bxf1 9. Rxf1 Qa5 10. e5 Nfd7 11. f4 g6 12. f5 exf5 13. Nf4 Na6 14. e6 fxe6 15.
Nxe6 Nc7 16. Nxf8 Rxf8 17. Bg5 Nf6 18. Qd2 Kd7 19. Bxf6 Rxf6 20. Ne2 Re8 21.
Kf2 Qb6 22. Ng1 Rfe6 23. Rfe1 Re4 24. Nf3 Nb5 25. c3 bxc3 26. bxc3 Qa5 27. Rxe4
dxe4 28. Ne5+ Kc7 29. Rc1 Nxd4 30. Nc4 e3+ 31. Nxe3 Ne6 32. Rb1 Qc5 33. Kf1 f4
34. Nc2 Qc4+ 35. Kg1 Rd8 36. Nd4 g5 37. Qb2 Nxd4 38. Qb7+ Kd6 39. cxd4 Qxd4+
40. Kh1 Rd7 41. Qb8+ Ke6 42. Re1+ Kf7 43. Qe8+ Kg7 44. Re7+ Rxe7 45. Qxe7+ Kg6
46. Qe8+ Kf5 47. Qc8+ Ke5 48. Qe8+ Kd6 49. Qd8+ Kc5 50. Qxg5+ Kb4 51. h4 Qe4
52. Qd8 c5 53. Qb8+ Kc3 54. Qb3+ Kd2 55. Qb2+ Kd1 56. Qb3+ Ke2 57. Qb2+ Kf1 58.
Qc1+ Kf2 59. Qxc5+ Qe3 60. Qc2+ Kg3 61. Qb1 a5 62. h5 a4 63. Qa1 a3 64. h6 f3
65. Qg7+ Kf2 66. Kh2 Qf4+ 67. Kh3 Qf5+ 68. Kh4 fxg2 69. Qxg2+ 1/2-1/2

[Event "FRA-ch Top 16 2007-2008"]
[Site "France"]
[Date "2008.03.22"]
[Round "1.6"]
[White "Apicella, Manuel"]
[Black "Hamdouchi, Hichem"]
[Result "1/2-1/2"]
[WhiteElo "2544"]
[BlackElo "2576"]
[PlyCount "43"]
[EventDate "2008.03.??"]
[EventType "swiss"]
[EventRounds "11"]
[EventCountry "FRA"]
[SourceDate "2008.03.23"]
[WhiteTeam "Clichy"]
[BlackTeam "Montpellier"]
[WhiteTeamCountry "FRA"]
[BlackTeamCountry "FRA"]

1. e4 e5 2. Nf3 Nc6 3. Bb5 a6 4. Ba4 Nf6 5. O-O Be7 6. Re1 b5 7. Bb3 d6 8. c3
O-O 9. h3 Na5 10. Bc2 d5 11. d4 dxe4 12. Nxe5 c5 13. dxc5 (13. Bg5 {
Dominguez Perez,L (2683)-Carlsen,M (2714)/World Cup Khanty Mansiysk (3)/1/2-1/2
}) 13... Qc7 $146 (13... Bxc5 14. Qxd8 Rxd8 {
Shomoev,A (2554)-Lavrov,M (2346)/Sibiria Region-chT (5)/1/2-1/2}) 14. Ng4 Nxg4
15. hxg4 f5 16. Qd5+ Kh8 17. Qxa8 Bxc5 18. Qd5 Bb7 19. Qe6 Bc8 20. Qd5 Bb7 21.
Qe6 Bc8 22. Qd5 1/2-1/2

[Event "FRA-ch Top 16 2007-2008"]
[Site "France"]
[Date "2008.03.24"]
[Round "3.1"]
[White "Prie, Eric"]
[Black "Shoker, Samy"]
[Result "1-0"]
[WhiteElo "2532"]
[BlackElo "2381"]
[PlyCount "63"]
[EventDate "2008.03.??"]
[EventType "swiss"]
[EventRounds "11"]
[EventCountry "FRA"]
[SourceDate "2008.03.23"]
[WhiteTeam "Montpellier"]
[BlackTeam "Bois-Colombes"]
[WhiteTeamCountry "FRA"]
[BlackTeamCountry "FRA"]

1. d4 g6 2. e4 Bg7 3. f4 c5 4. d5 d6 5. Nc3 Na6 6. Nf3 Nc7 7. a4 Nf6 8. Bd3 O-O
9. O-O Rb8 10. Qe1 a6 11. a5 e6 12. dxe6 Nxe6 13. f5 Nd4 14. Qh4 gxf5 15. exf5
Nxf5 16. Bxf5 Bxf5 17. Bg5 h6 18. Bxh6 Bxh6 19. Qxh6 Bg6 $2 (19... Bxc2 $142
20. Ng5 Ng4 21. Qh5 Nf6 22. Qf3 Kg7 23. Qg3) 20. Ra4 Nh7 21. Nd5 Re8 22. Nh4
Re6 23. Rxf7 $3 Kxf7 24. Nxg6 Qg8 25. Rf4+ Nf6 26. Ne5+ $1 Rxe5 27. Qxf6+ Ke8
28. Qxd6 Re1+ 29. Kf2 Re2+ 30. Kxe2 Qxg2+ 31. Ke1 Qh1+ 32. Rf1 1-0

[Event "FRA-ch Top 16 2007-2008"]
[Site "France"]
[Date "2008.03.23"]
[Round "3.8"]
[White "Nepeina Leconte, Maria"]
[Black "Martinovic, Gordana"]
[Result "1-0"]
[WhiteElo "2246"]
[BlackElo "1600"]
[PlyCount "43"]
[EventDate "2008.03.??"]
[EventType "swiss"]
[EventRounds "11"]
[EventCountry "FRA"]
[SourceDate "2008.03.23"]
[WhiteTeam "Bischwiller"]
[BlackTeam "Hyeres"]
[WhiteTeamCountry "FRA"]
[BlackTeamCountry "FRA"]

1. e4 e5 2. Nf3 Nc6 3. Bb5 d6 4. c3 a6 5. Ba4 Bd7 6. O-O Be7 7. d4 Nf6 8. Nbd2
O-O 9. d5 Nb8 10. Bb3 Bg4 11. h3 Bh5 12. Re1 Nbd7 13. Nf1 Bg6 14. Ng3 h6 15.
Nh4 Bxe4 16. Nxe4 Nxe4 17. Nf5 Nef6 18. Re3 Kh8 19. Rg3 Rg8 20. Bc2 Qf8 21.
Nxg7 Rxg7 22. Bxh6 1-0